NBA TEAM BY CLUE - Statistics

General Stats
  • This quiz has been taken 32 times
  • The average score is 18 of 30
Answer Stats
Hint Answer % Correct
Originally named the Knickerbockers, a name gave to the descendants of the original Dutch settlers of NY, which was shortened to the ______ . New York Knicks
92%
Gaining its name from a name-the-team contest, beating out the Floridians, Beaches, and Suntans. Miami Heat
88%
The name ____ was chosen because it rhymes with the names of other New York sports team. Brooklyn Nets
84%
Founded in 1995, the team was named after an animal in famous movie Jurassic Park. Toronto Raptors
84%
Originally from New Orleans, Louisiana in the late 1970s, the name was chosen from this music genre that was popular in New Orleans. Utah Jazz
84%
Created in 1968, the name was picked from a contest and it fits as they are among the states with the most sunshine. Phoenix Suns
80%
The _____ are named after the metal tool worn on the heels of cowboy boots to control a horse's movement. San Antonio Spurs
76%
Named after the states history with the Indy 500's pace cars and with the harness racing industry. Indiana Pacers
72%
Brown's decision to call his team the _______ was a nod to the large Irish-American population in the city. Boston Celtics
64%
Chosen in 1986, the _____ were named after the theme of Walt Disney World, the cities biggest tourist attraction. Orlando Magic
64%
Named after the original team in Philadelphia, the team then relocated to the west in 1962 and brought Wilt Chamberlain with them. Golden State Warriors
60%
The team moved to Minneapolis, Minnesota, in 1947, and its name was changed to reflect the state nickname, “Land of 10,000 Lakes.” Los Angeles Lakers
60%
The team name was chosen based off the _______ being the official state bird. New Orleans Pelicans
60%
Name was given due to the cities location in Tornado Alley and the home of the U.S. Army's 45th Infantry Division. Oklahoma City Thunder
60%
The popular choice was "Pioneers" but they went with the _____ _______ , derived from explorers making paths through forests. Portland Trail Blazers
60%
In November 1995, owner Abe Pollin changed the team's name because the "Bullets" had acquired violent overtones. The new name generated some controversy because ______ is a rank in the Ku Klux Klan. Washington Wizards
60%
Originally named after the Sauk Indian Chief Black Hawk, when the team moved to Milwaukee in 1951, the nickname was shortened. Atlanta Hawks
56%
The name is a reference to this western states gold rush and the gold and silver _______ that miners panned for during the 19th century. Denver Nuggets
56%
Once the "Royals", forced to change because of the MLB team, so they named themselves the _____ , a type of royal who is the head of state in a monarchy. Then relocated out west in 1985. Sacramento Kings
56%
Named after the team's original owner, who owned the Zollner Corporation, a company that manufactured _______ for cars, trucks, and locomotives. Detroit Pistons
52%
The team's name was a nod to the city's growing ties with space technology, including the development of the country's first intercontinental ballistic missile. Houston Rockets
48%
The team was originally called the Buffalo Braves when it was founded in 1970, when they relocated in 1978, a new name was chosen because of the city's history of tall sailing ships. Los Angeles Clippers
48%
Originally called the Nationals, but after relocating in 1964 the new team name was chosen to commemorate the signing of the Declaration of Independence in 1776. Philadelphia 76ers
48%
The team was originally going to be called the Mounties, but the Royal Canadian Mounted Police objected, the franchise relocated to the USA and kept the team name of this animal. Memphis Grizzlies
40%
The most voted name was the Robins, named after the official state bird. They chose the second option the states official wild animal the ______ . Milwaukee Bucks
40%
Founded in 1966, named after an animal that was slaughtered in the "meat capital of the world", team owner Richard Klein said of the city. Chicago Bulls
36%
Began playing in 1970, the team name was described as "a group of daring fearless men, whose life's pact was never surrender, no matter what the odds". Cleveland Cavaliers
36%
Starting in 1980, the team's name coming from the 1957–1962 television western ________ , beating out the Wranglers and the Express. Dallas Mavericks
36%
The name was chosen because the state the team plays in, is home to the largest population of ____________ in the contiguous United States. Minnesota Timberwolves
36%
The team name comes from British General Cornwallis's description of an east coast city as "a _______ nest of rebellion" after a battle in 1780. Charlotte Hornets
32%
No matching quizzes found
Score Distribution
Percent of People with Each Score
Percentile by Number Answered
Your Score History
You have not taken this quiz